| 000 | 00547cam a2200193 a 4500 | ||
|---|---|---|---|
| 001 | 000018017 | ||
| 005 | 20200929165322.0 | ||
| 008 | 780725s1959 enk 000 1 eng d | ||
| 040 |
_aDO-SdBNP _beng _cLC _dBNPHU |
||
| 082 |
_a823.91 _bA493p |
||
| 100 | 1 |
_aAmbler, Eric, _d1909-1998. _939064 |
|
| 245 | 1 | 0 |
_aPassage of arms / _cEric Ambler. |
| 260 |
_aLondon : _bHeinemann, _c1959. |
||
| 300 |
_a250 p. ; _c21 cm. |
||
| 650 | 4 |
_aNovela inglesa _91071 |
|
| 650 | 4 |
_aLiteratura inglesa _9498 |
|
| 910 | _aCatalogación por copia / LC | ||
| 049 | _aBNGR | ||
| 999 |
_c17539 _d17539 |
||